A reduction in case of compact Hamiltonian actions
Elmentve itt :
| Szerző: | |
|---|---|
| Dokumentumtípus: | Cikk |
| Megjelent: |
1985
|
| Sorozat: | Acta scientiarum mathematicarum
49 |
| Kulcsszavak: | Matematika |
| Online Access: | http://acta.bibl.u-szeged.hu/15054 |
| LEADER | 00601nab a2200181 i 4500 | ||
|---|---|---|---|
| 001 | acta15054 | ||
| 005 | 20210409095237.0 | ||
| 008 | 161015s1985 hu o 0|| eng d | ||
| 022 | |a 0001-6969 | ||
| 040 | |a SZTE Egyetemi Kiadványok Repozitórium |b hun | ||
| 041 | |a eng | ||
| 100 | 1 | |a Szenthe János | |
| 245 | 1 | 2 | |a A reduction in case of compact Hamiltonian actions |h [elektronikus dokumentum] / |c Szenthe János |
| 260 | |c 1985 | ||
| 300 | |a 107-117 | ||
| 490 | 0 | |a Acta scientiarum mathematicarum |v 49 | |
| 695 | |a Matematika | ||
| 856 | 4 | 0 | |u http://acta.bibl.u-szeged.hu/15054/1/math_049_107-117.pdf |z Dokumentum-elérés |